Manifattura delle arti : ex manifattura tabacchi /

-д хадгалсан:
Номзүйн дэлгэрэнгүй
Бусад зохиолчид: Fini, Marcello, (1973- ), Mari, Andrea
Формат: Ном
Хэл сонгох:итали
Хэвлэсэн: Argelato : Minerva, [2009]
Цуврал:Bologna che cambia
Нөхцлүүд:
Шошгууд: Шошго нэмэх
Шошго байхгүй, Энэхүү баримтыг шошголох эхний хүн болох!

MARC

LEADER 00000nam a22000007i 4500
001 IT\ICCU\UBO\3644371
003 ItRI
005 20260115232139.0
008 090604s2009 it |||||| ||||| |||||c
020 |a 9788873812418 
040 |b ita  |c importazione bologna sebina 
041 7 |a ita  |2 ISO-639-2 
130 0 |a Manifattura delle arti.  |3 IT\ICCU\UBO\4596439 
245 0 0 |a Manifattura delle arti :  |b ex manifattura tabacchi /  |c [testi: Andrea Mari ; schede storiche: Marcello Fini ; coordinamento: Letizia Del Pero]. 
260 |a Argelato :  |b Minerva,  |c [2009] 
300 |a 140 p. :  |b ill. ;  |c 29 cm 
650 7 |a Bologna  |x Manifattura delle arti  |x Sistemazione urbanistica  |2 scbi 
700 1 |a Fini, Marcello,  |d  (1973- )  |0 IT\ICCU\UBOV\147425 
700 1 |a Mari, Andrea  |0 IT\ICCU\CUBV\088877 
830 0 |a Bologna che cambia  |0 IT\ICCU\UBO\3644381 
942 |2 ddc  |c BK  |n 0 
952 |0 0  |1 0  |4 0  |6 DOC_711_570000000000000_MAN  |7 0  |9 20872  |a BO  |b BO  |d 2026-01-15  |i 14640  |l 0  |o DOC 711.570 MAN  |p BO14640  |r 2026-01-15 23:21:39  |w 2026-01-15  |x [Sebina 5] [1 v.]  |y BK  |z 1 v. 
999 |c 17832  |d 17832